[Event "Kaspreta"]
[Site "http://www.queenalice.com/game.php?id=797177"]
[Date "2010.7.1"]
[Round "-"]
[White "kaspreta"]
[Black "kamarof"]
[Result "1-0"]
[WhiteElo "2139"]
[BlackElo "1779"]

1. e4 e5 2. Nf3 d6 3. Bc4 Be6 4. Bxe6 fxe6 5. d4 exd4 6. Nxd4 Qd7 7. Qh5+ g6 8.
Qh3 e5 9. Ne6 Be7 10. f4 Nc6 11. f5 Nd4 12. O-O h5 13. Nc3 Nh6 14. Bxh6 1-0

[Event "Kaspreta"]
[Site "http://www.queenalice.com/game.php?id=797181"]
[Date "2010.7.1"]
[Round "-"]
[White "kamarof"]
[Black "kaspreta"]
[Result "0-1"]
[WhiteElo "1781"]
[BlackElo "2138"]

1. e4 e5 2. Nf3 Nc6 3. d4 exd4 4. Bc4 Bb4+ 5. c3 dxc3 6. O-O cxb2 7. Bxb2 Kf8 8.
Qd5 Qe7 9. a3 Bc5 10. Ng5 Nh6 11. e5 Bb6 0-1

[Event "Kaspreta"]
[Site "http://www.queenalice.com/game.php?id=797183"]
[Date "2010.7.1"]
[Round "-"]
[White "kamarof"]
[Black "kaspreta"]
[Result "0-1"]
[WhiteElo "1785"]
[BlackElo "2140"]

1. Nf3 Nc6 2. d4 e6 3. g3 Nf6 4. Bg2 d6 5. c4 Bd7 6. O-O Be7 7. Bd2 a6 8. Na3
O-O 9. Nc2 b5 10. b3 Rb8 11. Qc1 Ne4 12. Be3 bxc4 13. bxc4 Na5 14. Ne5 Nxg3 0-1

[Event "Kaspreta"]
[Site "http://www.queenalice.com/game.php?id=797186"]
[Date "2010.7.1"]
[Round "-"]
[White "kaspreta"]
[Black "kamarof"]
[Result "1-0"]
[WhiteElo "2141"]
[BlackElo "1783"]

1. e4 d5 2. exd5 Qxd5 3. Nc3 Qd6 4. d4 Nf6 5. Nf3 a6 6. Bd3 g6 7. O-O Bg7 8. Ne2
Bg4 9. Bf4 Qb6 10. Ne5 Nbd7 11. Nc4 Qc6 12. Ne3 h5 13. f3 Be6 14. c4 Qb6 15. c5
1-0

[Event "Challenge"]
[Site "http://www.queenalice.com/game.php?id=799751"]
[Date "2010.7.6"]
[Round "-"]
[White "Andrei_78"]
[Black "kamarof"]
[Result "0-1"]
[WhiteElo "1608"]
[BlackElo "1769"]

1. e4 c6 2. Nf3 d5 3. exd5 Qxd5 4. Nc3 Qe6+ 5. Be2 h5 6. h3 Nf6 7. Ng5 Qd6 8.
O-O Bf5 9. Bc4 Nd5 10. Nxd5 cxd5 11. Bb3 e6 12. Re1 Be7 13. d3 Nd7 14. Nf3 b5
15. Nd4 Bg6 16. Nxb5 Qb8 17. Nd4 Kf8 18. Nc6 Qd6 19. Nxe7 Kxe7 20. Re2 h4 21.
Be3 Bh5 22. g4 hxg3 23. Qf1 Bf3 24. Rd2 g2 25. Qe1 Rxh3 26. Bg5+ Nf6 27. Bxf6+
gxf6 28. Re2 Rh1# 0-1

[Event "AUTO-INT-1665"]
[Site "http://www.queenalice.com/game.php?id=800024"]
[Date "2010.7.7"]
[Round "2"]
[White "kamarof"]
[Black "JMendes"]
[Result "0-1"]
[WhiteElo "1716"]
[BlackElo "1659"]

1. e4 e5 2. Nf3 d6 3. d4 Bg4 4. Bc4 exd4 5. O-O Be7 6. c3 c5 7. Qd3 dxc3 8. Nxc3
Nf6 9. Ne1 O-O 10. f4 Be6 11. Nd5 Nxd5 12. Bxd5 Bxd5 13. Qxd5 Qb6 14. Kh1 Qc7
15. f5 Bf6 16. Bf4 Be5 17. Rb1 Nc6 18. Nc2 Nb4 19. Qb3 Nxc2 20. Qxc2 f6 21. b4
Bxf4 22. Rxf4 b6 23. Rc1 d5 24. Rh4 dxe4 0-1

[Event "AUTO-INT-1665"]
[Site "http://www.queenalice.com/game.php?id=800025"]
[Date "2010.7.7"]
[Round "2"]
[White "JMendes"]
[Black "kamarof"]
[Result "1-0"]
[WhiteElo "1677"]
[BlackElo "1698"]

1. d4 d5 2. e3 c6 3. Nf3 Nf6 4. Bd3 Bg4 5. Be2 g6 6. O-O Bxf3 7. Bxf3 Bg7 8. Nc3
Na6 9. e4 O-O 10. e5 Ne8 11. Be2 Nac7 12. f4 f5 13. Be3 Ne6 14. a4 N8c7 15. b4
b6 16. b5 c5 17. dxc5 Nxc5 18. Bf3 Ne4 19. Nxe4 fxe4 20. Bg4 e6 21. c3 Qe7 22.
Qc2 Rac8 23. c4 Kh8 24. cxd5 1-0

[Event "Challenge"]
[Site "http://www.queenalice.com/game.php?id=804189"]
[Date "2010.7.16"]
[Round "-"]
[White "filomenos"]
[Black "kamarof"]
[Result "1-0"]
[WhiteElo "1899"]
[BlackElo "1779"]

1. d4 Nf6 2. Nf3 d6 3. g3 g6 4. Bg2 Bg7 5. O-O O-O 6. Bg5 Na6 7. c3 c6 8. Nbd2
Ne8 9. Nb3 h6 10. Bf4 Nac7 11. e4 Be6 12. e5 Nd5 13. Bd2 f5 14. exf6 Rxf6 15.
Qc1 g5 16. Re1 Bg4 17. Qd1 Qd7 18. Bc1 Qf5 19. Nbd2 Rf7 20. Qb3 e6 21. c4 Nb6
22. c5 Nd5 23. Ne4 Bxf3 24. Bxf3 Qxf3 25. Qxf3 Rxf3 26. Nxd6 Nxd6 27. cxd6 Bxd4
28. Re2 Raf8 29. d7 e5 30. Rb1 Bxf2+ 31. Kh1 Bd4 32. h4 1-0

[Event "Challenge"]
[Site "http://www.queenalice.com/game.php?id=804190"]
[Date "2010.7.16"]
[Round "-"]
[White "kamarof"]
[Black "filomenos"]
[Result "0-1"]
[WhiteElo "1768"]
[BlackElo "1910"]

1. e4 d5 2. exd5 Qxd5 3. Nc3 Qe6+ 4. Be2 g6 5. d3 Bg7 6. Bd2 Nf6 7. Nf3 O-O 8.
Qc1 Rd8 9. Bh6 Bh8 10. Ng5 Qe5 11. f4 Qf5 12. Qe3 Nc6 13. h3 Nd4 14. Rc1 Be6 15.
g4 Qc5 16. Qd2 Bd5 17. Rf1 Ne6 18. f5 Nd4 19. Bd1 e6 20. Nxh7 Qe7 21. fxg6 fxg6
22. Rxf6 Bxf6 23. Nxf6+ Qxf6 24. Bg5 Qe5+ 25. Ne2 Rf8 26. Qe3 Qxe3 27. Bxe3 Nf3+
28. Kf2 Bxa2 29. c4 Nd4+ 30. Kg2 Nxe2 31. Bxe2 Bb3 0-1

[Event "Challenge"]
[Site "http://www.queenalice.com/game.php?id=804380"]
[Date "2010.7.16"]
[Round "-"]
[White "kamarof"]
[Black "Milpat"]
[Result "0-1"]
[WhiteElo "1667"]
[BlackElo "1813"]

1. e4 c5 2. Nf3 d6 3. d4 cxd4 4. Nxd4 Nf6 5. Nc3 g6 6. Be3 Bg7 7. f3 Bd7 8. Qd2
h5 9. g3 Nc6 10. O-O-O Ne5 11. Kb1 Rc8 12. Be2 a6 13. Bg5 Nc4 14. Qd3 Qa5 15. h4
Nxb2 16. Kxb2 Qb4+ 17. Nb3 Nh7 18. Bd2 Bb5 19. a3 Bxd3 20. axb4 Bxe2 21. Rde1
Bxf3 22. Rhf1 Bg4 23. Na5 O-O 24. Kb3 b6 25. Nc4 Be6 26. Nd5 b5 27. Nce3 Nf6 0-1

[Event "Challenge"]
[Site "http://www.queenalice.com/game.php?id=807996"]
[Date "2010.7.24"]
[Round "-"]
[White "vasileC"]
[Black "kamarof"]
[Result "1-0"]
[WhiteElo "1813"]
[BlackElo "1657"]

1. e4 c6 2. c4 e6 3. Nc3 d5 4. exd5 cxd5 5. cxd5 exd5 6. d4 Bb4 7. Bd2 Nf6 8.
Qe2+ Kf8 9. O-O-O a6 10. Kb1 Be6 11. h3 Nbd7 12. Na4 Bd6 13. g3 Rc8 14. f4 Rc4
15. Nc3 Qb6 16. Qf3 Ba3 17. Bc1 Rb4 18. b3 Rxb3+ 19. Kc2 Rb2+ 20. Bxb2 Qxb2+ 21.
Kd3 Bf5+ 22. Ke3 Qxc3+ 23. Kf2 1-0